[Event "Sinquefield Cup 5th"]
[Site "Saint Louis"]
[Date "2017.08.06"]
[Round "5"]
[White "So, Wesley"]
[Black "Carlsen, Magnus"]
[Result "0-1"]
[WhiteElo "2810"]
[BlackElo "2822"]
[Annotator "Mekhitarian,K"]
[PlyCount "58"]
[EventDate "2017.08.02"]
[EventType "tourn"]
[EventRounds "9"]
[EventCountry "USA"]
[EventCategory "22"]
[SourceTitle "CBM 180"]
[Source "ChessBase"]
[SourceDate "2017.09.13"]
[SourceVersion "1"]
[SourceVersionDate "2017.09.13"]
[SourceQuality "1"]

1. e4 e5 2. Nf3 Nc6 3. d4 exd4 4. Nxd4 {It is kind of funny that Carlsen has
played only 4 classical games in the Scotch Game since he became a grandmaster.
Probably another reason for Wesley So to try it against the reigning World
Champion.} Bb4+ $5 {An off-beat variation, forcing White to play c3, and
removing that ideal square for the b1-knight. Magnus himself said he wasn't
expecting the Scotch and just thought about playing some variation to try and
develop his pieces.} (4... Nf6 {is the most popular response, with well-known
variations after the most ambitious 5.Nxc6 followed by 6.e5, or the simpler 5.
Nc3.}) (4... Bc5 {when White has options between the old moves Nxc6 and Be3,
or the more fashionable Nb3 followed by Nc3, Qe2, Be3 or Bg5 and possibly
castling queenside.}) 5. c3 Be7 $6 {should be inferior for Black. We arrive in
a Philidor-type position, where White has sound pieces and a space advantage.}
(5... Bc5 $5 {is also possible, now in the Nxc6 and Nb3 variations, the
b1-knight would like to go to c3.} 6. Be3 Bb6 {and here White would be happy
to play Nc3-Nd5 as well, justifying the ...Bb4+ and ...Bc5 manoeuvre.} (6...
Qf6 $2 {now this wouldn't make any sense, since the pawn is already on c3 
(this is played in the line after 4...Bc5 where White still has the pawn on c2)
}) 7. Nf5 $1 g6 8. Bxb6 axb6 9. Ne3 Nf6 10. f3 Qe7 (10... O-O 11. c4 {and
White tries to keep a positional advantage. Black has an interesting piece
sacrifice with ...d5 now:} d5 12. cxd5 Nxe4 13. fxe4 Qh4+ 14. Kd2 Qxe4 15. Bd3
Qd4 16. Qb3 Re8 17. Re1 Ne5 18. Na3 Nxd3 $2 (18... Bd7 $5 $40) 19. Qxd3 $6 (19.
Nac2 $1 $18) 19... Qxb2+ 20. Nac2 Bd7 (20... Qe5 $1 $132) 21. Qc3 $16 {1-0 (30)
Danin,A (2581)-Zeller,F (2402) Wunsiedel 2016}) 11. Be2 $5 (11. c4 Qb4+ 12. Qd2
Qxd2+ 13. Kxd2 {with a pleasant endgame} d6 14. Nc3 Kd8 15. Be2 Re8 16. Rac1
$14 {1-0 (40) Yu,Y (2662)-Salem,A (2570) Kocaeli 2013}) 11... Qc5 12. Qd2 h5 $6
13. Na3 Qe7 $2 14. Nd5 Nxd5 15. exd5 Ne5 16. d6 $1 Qxd6 17. Qxd6 cxd6 18. Nb5
Ke7 19. a4 $18 {1-0 (47) Duda,J (2693)-Degraeve,J (2592) Chartres 2017}) 6.
Nxc6 bxc6 7. Bd3 (7. Bc4 $5 Nf6 8. e5 $36) 7... d6 8. O-O Nf6 9. Re1 O-O 10.
Nd2 {I like White's position here, the knight will be well placed on f3, Black
has to be watching for moves like e5.} Re8 11. Nf3 Nd7 {A natural reaction -
the knight stands well on c5 in these kind of structures, but this will be the
start of his problems as well.} 12. Bf4 Nc5 13. Bc2 Bg4 $6 (13... Ne6 $5 14.
Be3 c5 {followed by ...Rb8 and ...a5} 15. b4 $5 {trying to avoid that plan}
cxb4 16. cxb4 $14) 14. h3 Bh5 15. Be3 $1 {Threatening to destroy Black's
structure; this is the key move to look for an advantage. Carlsen said in the
post-mortem that his position started to deteriorate now, after this and 16.
Ba4!, that he missed.} Nd7 (15... Qb8 16. Bxc5 dxc5 17. Rb1 $16 {has to be
ugly for Black.}) 16. Ba4 $1 c5 (16... Ne5 $2 17. g4 $1 Nxf3+ 18. Qxf3 Bg6 19.
Bxc6 $18 {is simply lost for Black.}) 17. g4 $5 (17. e5 $1 {was a very
interesting pawn sacrifice:} Bxf3 (17... Nxe5 18. g4 $1 Bg6 19. Nxe5 dxe5 20.
Bxe8 $18) (17... Rb8 18. b3 Bxf3 19. Qxf3 Nxe5 20. Qe4 Rf8 21. Rad1 $44) 18.
Qxf3 Nxe5 19. Qe4 {hitting the e8-rook} Rf8 20. Rad1 {threatening to take on c5
} Qc8 21. Bxc5 (21. b4 $5 cxb4 22. cxb4 $44 {trying to maintain the pressure,
without exchanging anything.}) 21... dxc5 22. Qxe5 Bd6 23. Qe4 $16 {with good
prospects.}) 17... Bg6 18. e5 (18. Bc6 $1 Rb8 19. b4 {was a very strong hidden
idea} h5 $1 {with a double-edged position, that should be safe enough for White
} (19... cxb4 $2 20. Qa4 $1 {winning the e8 exchange by force, because now b6
is under control} (20. Bxa7 $6 Ra8 $1 21. Bxa8 $2 Qxa8 22. Be3 Bxe4 $19 {
is horrible for White}) 20... Nb6 21. Bxb6 axb6 22. Bxe8 Qxe8 23. Qxe8+ Rxe8
24. cxb4 $18 {should be simply winning}) 20. bxc5 hxg4 21. hxg4 $16) 18... Rb8
19. Bf4 $2 {Now many simplifications take place, Carlsen equalises and gets
the initiative suddenly.} (19. b3 $1 $16 {was simple and strong, Black still
has to solve many problems.}) 19... Rxb2 $1 20. exd6 $2 (20. Bxd7 $1 {was the
best chance to equalise} Qxd7 21. exd6 cxd6 22. Ne5 Qc7 (22... Qc8 23. Nxg6
hxg6 24. Bxd6 $11) 23. Nc4 $11) 20... Bxd6 $1 21. Rxe8+ Qxe8 22. Bxd6 cxd6 23.
Qxd6 (23. Nd2 {the computer suggests this very sad idea to survive, a hard
decision to make after giving away a pawn. On the other hand, there is a Nc4
threat} d5 24. Nb3 Qe7 25. Bxd7 Qxd7 26. Nxc5 Qd6 27. Qd4 h5 $36) 23... Qe2 $1
{Maybe So missed this move.} 24. Qg3 Nf8 $1 $17 {White has many problems now,
with the weak king, weak pawns and having to control Black's initiative.} 25.
Re1 Rb1 $1 26. Rxb1 Bxb1 {At least the a2-pawn will be lost, White is in deep
trouble.} 27. Bc6 (27. a3 Be4 $1 {with mating ideas as well} 28. Nh2 Qe1+ 29.
Nf1 Qb1 $1 {threatening the unstoppable ...Bd3} 30. f4 Bd3 31. Qf3 c4 $19 {
Black will take on c3 at the proper time and win the game.}) 27... Bxa2 $19 28.
Qd6 Qc4 $1 29. Ne5 Qxc3 {With no counterplay left, and two pawns down, White
had to resign.} 0-1

[Event "Ankara FIDE GP (Women)"]
[Site "Ankara"]
[Date "2012.09.22"]
[Round "6"]
[White "Ruan, Lufei"]
[Black "Koneru, Humpy"]
[Result "0-1"]
[WhiteElo "2492"]
[BlackElo "2593"]
[Annotator "Mikhalchishin,A"]
[PlyCount "64"]
[EventDate "2012.09.16"]
[EventType "tourn"]
[EventRounds "11"]
[EventCountry "TUR"]
[EventCategory "10"]
[SourceTitle "CBM 151"]
[Source "ChessBase"]
[SourceDate "2012.11.13"]
[SourceVersion "1"]
[SourceVersionDate "2012.11.13"]
[SourceQuality "1"]

1. e4 e5 2. Nf3 Nc6 3. d4 exd4 4. Nxd4 Bc5 5. Nb3 {For various reasons this
old line has become more popular recently and happened in a few games in
Ankara.} Bb4+ {This is an old idea of Oleg Romanishin - how to disrupt the
simple and aggressive plan of White with long castling.} ({The old classical
way is still played frequently} 5... Bb6 6. Nc3 Nf6 7. Qe2 d6 8. Be3 O-O 9.
O-O-O Bxe3+ 10. Qxe3 a6 11. f3 b5 12. g4 b4 13. Ne2 Re8 14. g5 Nd7 15. Ng3 a5
16. Bb5 Bb7 17. Bxc6 Bxc6 18. Nd4 Bb7 19. Ndf5 g6 20. Nh6+ Kf8 21. f4 {1-0
Muzychuk,A (2538)-Lahno,K (2536)/Rostov on Don 2011; with serious attacking
prospects.}) 6. c3 ({The main idea of the variation is to drive the white
knights back:} 6. Bd2 a5 7. a3 Bxd2+ ({Retreat is possible and a bit more
aggressive} 7... Be7 8. Bc3 $5 $146 (8. a4) 8... Nf6 $1 9. e5 Ne4 10. Qg4 Ng5
11. h4 d5 12. Qg3 Ne6 13. Bb5 (13. f4 a4 14. Nc1 (14. f5 axb3 15. fxe6 Bxe6 16.
Qxg7 Rf8 17. cxb3 d4 18. Bd2 Qd5 $17) 14... f5 $1 15. exf6 Bxf6 $17) 13... d4
$1 14. Bxc6+ (14. Bxa5 Qd5 15. a4 $140 $2 Rxa5 $1 $19) 14... bxc6 15. Bxa5 Qd5
{Sveshnikov,E (2555)-Romanishin,O (2591)/Saint-Vincent , 2000 (23); with
fantastic compensation for the pawn.}) 8. Qxd2 (8. N1xd2 a4) 8... Nf6 9. Nc3
O-O 10. O-O-O d6 11. f4 Re8 12. Re1 Bd7 13. h3 a4 14. Nd4 Nxd4 15. Qxd4 Qb8 16.
Rd1 Be6 17. Bd3 Qa7 18. Qxa7 Rxa7 19. Rhe1 Ra5 {1-0 Varga,Z (2541)
-Mikhalchishin,A (2552)/Dortmund 1999; with unclear play in the endgame.}) 6...
Be7 7. c4 {The idea of this move is to obtain a structure similar to the
Maroczy Bind, fighting for a space advantage.} ({Here White had few very other
serious options, the most logical seems to be} 7. f4 d6 ({A funny idea has
been tried} 7... Nf6 $2 8. e5 Ng8 9. Qg4 $2 g5 $2 ({after} 9... g6 {Black has
the very unpleasant threat d7-d6.}) 10. Qg3 d6 11. Bc4 g4 (11... Nh6 $1) 12.
O-O f5 13. Rd1 a6 14. Qe3 {1-0 Kochetkova,J (2305)-Kaya,E (1974),Istanbul 2012;
with a decisive attack.}) 8. Bd3 Nf6 ({it is interesting to see how none other
than World Champion Boris Spassky handled the position:} 8... Bh4+ 9. g3 Bf6
10. Be3 h5 11. h3 g5 12. Qd2 gxf4 13. gxf4 Nge7 14. Na3 Bh4+ 15. Bf2 Ng6 16.
Kd1 $11 {1/2 Huebner,R-Spassky,B/Linares , 1985}) (8... d5) 9. N1d2 O-O 10. Qc2
a5 11. O-O Nd7 12. a4 g6 13. Nf3 Bf6 14. Be3 b6 15. Rad1 Qe7 16. Rfe1 Bg7 17.
Bf2 Bb7 18. Bc4 Rae8 19. Qd3 Nc5 20. Nxc5 dxc5 21. e5 {Muzychuk,A-Ozturk,K/
Ankara 2012; with a serious space advantage.}) (7. g3 {does not seem to be so
logical here:} Nf6 8. Bg2 O-O 9. O-O Re8 10. c4 a5 11. Nc3 $2 ({it is always
necessary to stop this black pawn, so an not to damage one's own position too
much!} 11. a4) 11... a4 12. Nd2 a3 13. b3 Bc5 14. Nb5 d6 15. h3 h5 16. Kh1 Bd7
17. f3 Qc8 18. Kh2 Ne5 {Kosintseva,T-Koneru,H/Ankara 2012; with a strong black
initiative.}) (7. Bf4 Bg5 8. Bg3 d6 9. Bd3 h5 10. h3 h4 11. Bh2 Qf6 12. Nd4
Nge7 13. O-O Bf4 14. Bxf4 Qxf4 15. Ne2 Qh6 16. Qd2 Qxd2 17. Nxd2 Ne5 {0-1
Arzumanian,G (2493)-Romanishin,O (2547)/Kharkiv UKR 2007; with an equal ending.
}) 7... Nf6 ({A very serious line is to try to conduct to attack the white
centre with f7-f5:} 7... Bf6 8. Bd3 d6 9. O-O Nge7 10. Nc3 Bxc3 $1 11. bxc3 O-O
12. Nd4 f5 13. f4 Nxd4 14. cxd4 fxe4 15. Bxe4 d5 16. cxd5 Nxd5 17. Ba3 Rf7 18.
Qb3 Nf6 19. Bd3 Qxd4+ 20. Kh1 Be6 21. Bxh7+ Kxh7 22. Qxe6 Kg8 23. Rad1 Qa4 24.
Qh3 {1/2 Movsesian,S (2647)-Landa,K (2550)/Tripoli LBA 2004}) 8. f3 ({It is
simpler to start with logical piece development} 8. Nc3 O-O 9. Be2 (9. Bd3 Bb4
10. Bd2 Ne5 11. Be2 d6 12. f3 Be6 13. Nd5 Bxd2+ 14. Qxd2 c6 15. Nxf6+ Qxf6 $11)
9... Re8 10. f3 a5 11. a4 $2 (11. O-O a4 12. Nd4 Bc5 13. Be3 $16) 11... d6 12.
O-O Nd7 $11 13. Be3 Bf6 14. Qd2 b6 15. Nd5 Nc5 16. Ra3 Bd7 $1 $132 17. Nc1 Nb4
$1 18. Bd1 Nxd5 19. cxd5 c6 $1 {Ivanovic,B-Petrosian,T/Tallinn 1979; and Black
starts to destroy the opponent's centre.}) (8. Bd3 a5 9. Be3 $2 (9. a4) 9...
Bb4+ 10. N1d2 (10. Nc3 a4 11. Nd2 a3) 10... Ne5 11. Be2 Nxe4 12. a3 Bxd2+ 13.
Nxd2 Nf6 14. Nf3 Nc6 15. Bg5 d6 16. O-O O-O {0-1 Vavpetic (2250)-Mikhalchishin
(2510)/Postoina 1991; with an extra pawn.}) 8... O-O ({The simple developing
move} 8... d6 {is possible:} 9. Nc3 O-O 10. Be2 Ne8 11. O-O f5 12. exf5 Bxf5
13. Nd5 Nf6 14. Nxe7+ Qxe7 15. Bg5 h6 16. Bh4 Ne5 17. Nd4 Bh7 18. Bf2 Rae8 {
Cioara,A-Godena,M/Nova Gorica, 2000; and Black completes his development with
a balanced position.}) 9. Be2 ({A better way to fight for some advantage was} 
9. Nc3 {'!?' Romanishin,O} a5 10. a4 $1 {Despite weakening the b4-square, it
is much more important to stop the opponent's space aggression.} Bb4 11. Be2 d6
12. O-O Ne5 13. Qc2 c6 14. Be3) 9... a5 10. O-O $2 {No! As was mentioned, it
is necessary to stop such pawns at any price.} (10. a4) 10... a4 11. Nd4 Bc5
12. Be3 Qe7 13. Nc3 $2 ({The correct idea was} 13. Qd2 Nxd4 14. Bxd4 Qe5 15.
Rd1 d6 16. Nc3 Be6 17. Rac1 Bxd4+ 18. Qxd4 Qxd4+ 19. Rxd4 Bd7 20. Kf2 {with
the more comfortable endgame. Now Black obtains the possibility to create some
weaknesses in White's position.}) 13... a3 $1 14. b3 ({After} 14. Rb1 axb2 15.
Rxb2 b6 {the weaknesses a2 and c4 will become a decisive factor for the future
fight.}) 14... Qe5 15. Ncb5 d5 $3 {This powerful blow reverses the course of
the game and destroys White's centre.} 16. Qd2 ({Simply the exhcange of queens
promised chances of survival:} 16. Kh1 dxe4 17. Nxc6 bxc6 18. Bxc5 Qxc5 19. Qd4
Qxd4 20. Nxd4 Bb7 21. Rfd1 $17) 16... dxe4 ({Black could chose a more active
continuation:} 16... Bb4 17. Qc1 dxe4 18. Nc2 Ba5 19. Kh1 Qe7 20. Ncxa3 Ne5 21.
Nc2 exf3 22. Bxf3 c6 23. Qa3 Qxa3 24. Nbxa3 Nxf3 25. Rxf3 Bg4 {with strong
threats.}) 17. Nxc6 ({More chances to save the game would exist after the
blockading plan} 17. f4 Qe7 18. Nxc6 bxc6 19. Bxc5 Qxc5+ 20. Qd4 Qb4 21. Nc3
Bg4 22. Rad1 Bxe2 23. Nxe2 h6 24. Qe3 Rfe8 25. h3 Rad8 26. Nc3 $17) 17... bxc6
18. Bxc5 Qxc5+ 19. Qd4 Qg5 {Black obtained a similar position as in the
annotation to move 16, but with one tempo up.} 20. Nc3 $2 ({Once more, it was
better to try to block the position by} 20. f4 Qg6 21. Nxc7 Bh3 22. Rf2 Rad8
23. Qc5 Bg4 24. Re1 {with some chances for survival.}) 20... Bh3 21. Qf2 Bxg2
$1 {Tactics which involve a double attack with the deflection of the white
queen.} 22. Qxg2 Qe3+ 23. Kh1 Qxc3 24. fxe4 Rad8 25. Bf3 (25. Rad1 {offered no
chance of survival:} Rfe8 26. Bf3 Rxd1 27. Rxd1 g6 28. Qe2 c5 $19) 25... Rd2
26. Qg3 Nd7 ({Black would also obtain a strong attack after} 26... Re8 27. Qxc7
Nd7 28. Qxc6 Qb2 29. Kg1 Qe5 30. Bg2 Re6 31. Qc8+ Nf8 {but still it would not
be so easy.}) 27. Qxc7 ({The dominating position of the knight would decide
the game in Black's favour after} 27. Rad1 Rxd1 28. Rxd1 Ne5 29. Bg2 Qc2 30.
Rf1 f6 $19) 27... Qe5 (27... Ne5 {seemed very strong and logical:} 28. Bg2 Ng4
{but Koneru decides to go into an endgame which is a more sophisticated
decision.}) 28. Qxe5 Nxe5 29. Kg1 (29. Bg2 {did not help at all:} Rfd8 30. Rf5
f6 31. Kg1 Rb2 32. Rf2 Ng4) 29... Rfd8 30. Rf2 Rb2 31. Kf1 Nxf3 32. Rxf3 Rxh2 {
Very technical play by the World Championship runner-up!} 0-1

[Event "Wch U20 52nd"]
[Site "Kocaeli"]
[Date "2013.09.16"]
[Round "4"]
[White "Yu, Yangyi"]
[Black "Salem, AR Saleh"]
[Result "1-0"]
[WhiteElo "2662"]
[BlackElo "2570"]
[Annotator "Mikhalchishin,A"]
[PlyCount "79"]
[EventDate "2013.09.13"]
[EventType "swiss"]
[EventRounds "13"]
[EventCountry "TUR"]
[SourceTitle "CBM 157"]
[Source "ChessBase"]
[SourceDate "2013.11.12"]
[SourceVersion "1"]
[SourceVersionDate "2013.11.12"]
[SourceQuality "1"]

{This game is typical of Yu Yangyi's extremely good technique and the way he
plays.} 1. e4 e5 2. Nf3 Nc6 3. d4 exd4 4. Nxd4 Bb4+ {A modern line to avoid
White's attacking options.} 5. c3 Bc5 6. Be3 Bb6 7. Nf5 g6 8. Bxb6 axb6 9. Ne3
Nf6 10. f3 Qe7 11. c4 Qb4+ {Transposition into an endgame seems to be logical.}
12. Qd2 Qxd2+ 13. Kxd2 d6 14. Nc3 Kd8 15. Be2 {The critical moment - White has
helplessly tried other ways here:} (15. f4 Re8 16. Bd3 Nb4 17. Bb1 Nd7 18. Ned5
Nxd5 19. cxd5 Nc5 20. Bc2 f5 21. exf5 Bxf5 22. Rae1 Rf8 23. g3 c6 24. b4 Na6
25. dxc6 bxc6 26. b5 cxb5 27. Bb3 Nc5 {Black defended very successfully in
Wang Hao (2743)-Aronian,L (2813)/Stavanger 2013.}) (15. Bd3 Ne5 16. Bc2 (16.
Be2 Re8 17. g4 Nfd7 18. h4 Nc5 19. Ned5 h6 20. Nf6 Rh8 21. g5 Ne6 22. Ke3 Nd7
23. f4 {with a very sharp ending, Rublevsky,S (2695)-Sargissian,G (2671)/
Khanty-Mansiysk 2013}) 16... h5 17. f4 Neg4 18. Ned1 h4 19. h3 Nh6 20. Ne3 c6
21. Rhf1 Re8 22. Rae1 Nh5 23. Rf2 Ng3 24. Nf1 Nxf1+ 25. Rfxf1 Kc7 {0-1 Najer,E
(2633)-Akopian,V (2691)/Khanty-Mansiysk RUS 2013 (61). Black was able to hold
the position without serious problems.}) 15... Re8 16. Rac1 Nd4 17. Rhd1 c6 18.
Bf1 Kc7 19. Ke1 Ne6 ({Very interesting was GM Miroshnichenko's proposal} 19...
Nf5 20. Nc2 Nd7 21. Kf2 Ne7 {intending to break with f7-f5.}) 20. b4 Nd7 21.
Kf2 Ng7 22. Rd4 f5 23. a4 Nf6 $6 ({Every Soviet player would try to block the
centre with} 23... f4 24. Nc2 Ne5) 24. Rcd1 Re6 25. g3 {Yu starts an attack at
a useful moment.} fxe4 26. Bh3 Re7 27. Rxd6 Nge8 $1 28. Rd8 exf3 29. b5 ({
Possible was the very sharp acceleration} 29. c5 bxc5 30. b5) 29... Rb8 $2 (
29... Re5 {was much better:} 30. a5 bxa5 31. b6+ Kxb6 32. Rxc8 Rxc8 33. Bxc8
Kc7 34. Bh3 Rh5) 30. a5 ({There would not be such a clearcut ending after} 30.
c5 bxc5 31. b6+ Kxb6 32. Rxc8 Rxc8 33. Bxc8 Ka5 34. Rd3 Kb4) 30... Nd7 $2 {
The final blunder, but the position would remain unclear after the correct} (
30... bxa5 31. b6+ Kxb6 32. Rxc8 Rxc8 33. Bxc8 Kc7 34. Bh3 Nd6 35. Kxf3 Nde4
36. Nxe4 Nxe4) 31. Rxc8+ Kxc8 32. Ned5 cxd5 33. Nxd5 Rg7 34. Nxb6+ Kc7 35. Nxd7
Ra8 36. b6+ Kc6 37. Rd5 Rxa5 38. Rxa5 Rxd7 39. Bxd7+ Kxd7 40. Kxf3 1-0